| Tag |
First Indicator |
Second Indicator |
Subfields |
| LEADER |
00000cas a22000007i 4500 |
| 001 |
in00004591302 |
| 008 |
070808c19989999scufr pso s0 a0eng |
| 006 |
m o d s |
| 007 |
cr un||||||||| |
| 005 |
20230601192820.1 |
| 010 |
|
|
|a 2014201158
|
| 035 |
|
|
|a (OCoLC)ocn163566942
|
| 040 |
|
|
|a OCLCS
|b eng
|e rda
|c OCLCS
|d OCLCS
|d SYB
|d ZAD
|d OCLCQ
|d OCLCE
|d OCLCQ
|d OCLCF
|d DLC
|d VT2
|d CUI
|d OCLCQ
|d FBR
|
| 019 |
|
|
|a 761221543
|a 1306368956
|a 1375041365
|
| 022 |
0 |
|
|a 2373-0153
|y 1542-3077
|2 1
|
| 035 |
|
|
|a (OCoLC)163566942
|z (OCoLC)761221543
|z (OCoLC)1306368956
|z (OCoLC)1375041365
|
| 037 |
|
|
|b Journal of the First Year Experience & Students in Transistion, c/o The R.L. Bryan Company, 301 Greystone Blvd., Columbia, SC 29210
|
| 042 |
|
|
|a pcc
|a nsdp
|
| 043 |
|
|
|a n-us---
|
| 050 |
1 |
0 |
|a ISSN RECORD
|
| 050 |
|
4 |
|a LB2343.32
|b .J678 Electronic
|
| 082 |
1 |
0 |
|a 378.1/98
|2 20
|
| 210 |
0 |
|
|a J. first-year exp. stud. transit.
|b (Online)
|
| 222 |
|
0 |
|a Journal of the first-year experience & students in transition
|b (Online)
|
| 245 |
0 |
0 |
|a Journal of the first-year experience & students in transition
|
| 246 |
1 |
|
|a Journal of the first year experience and students in transition
|
| 246 |
1 |
|
|a First-year experience & students in transition
|
| 246 |
1 |
|
|a First year experience and students in transition
|
| 264 |
|
1 |
|a Columbia, S.C. :
|b National Resource Center for the First-Year Experience & Students in Transition, University of South Carolina,
|c 1998-
|
| 300 |
|
|
|a 1 online resource
|
| 310 |
|
|
|a Semiannual
|
| 336 |
|
|
|a text
|b txt
|2 rdacontent
|
| 337 |
|
|
|a computer
|b c
|2 rdamedia
|
| 338 |
|
|
|a online resource
|b cr
|2 rdacarrier
|
| 362 |
1 |
|
|a Print began with: Volume 10, number 2 (1998).
|
| 588 |
|
|
|a Description based on: Volume 10, number 2 (1998); tilte from journal information page (Metapress website, viewed on May 16, ,2014).
|
| 588 |
|
|
|a Latest issue consulted: Volume 26, number 1 (2014)(viewed on May 16, 2014).
|
| 650 |
|
0 |
|a College freshmen
|z United States
|v Periodicals.
|
| 650 |
|
0 |
|a College student development programs
|z United States
|v Periodicals.
|
| 650 |
|
7 |
|a College freshmen.
|2 fast
|0 (OCoLC)fst00867802
|
| 650 |
|
7 |
|a College student development programs.
|2 fast
|0 (OCoLC)fst00867959
|
| 651 |
|
7 |
|a United States.
|2 fast
|0 (OCoLC)fst01204155
|
| 655 |
|
7 |
|a Periodicals.
|2 fast
|0 (OCoLC)fst01411641
|
| 655 |
|
7 |
|a Periodicals.
|2 lcgft
|
| 710 |
2 |
|
|a National Resource Center for the First-Year Experience & Students in Transition (University of South Carolina)
|
| 776 |
0 |
8 |
|i Print version:
|t Journal of the first-year experience & students in transition
|x 1542-3077
|w (DLC)sn 98030914
|w (OCoLC)40245359
|
| 780 |
0 |
0 |
|t Journal of the freshman year experience & students in transition
|w (OCoLC)989118846
|
| 029 |
0 |
|
|a OCLCS
|b OP-50907
|
| 029 |
1 |
|
|a NZ1
|b 15922734
|
| 994 |
|
|
|a Z0
|b TMV
|
| 948 |
|
|
|h NO HOLDINGS IN TMV - 135 OTHER HOLDINGS
|
| 999 |
f |
f |
|s 2f05ab59-cdfb-4121-8f70-9fed23aed577
|i 9001dd76-7f82-42bb-a680-dcdca1110378
|t 0
|
| 952 |
f |
f |
|a Texas A&M University
|b College Station
|c Electronic Resources
|d Available Online
|t 0
|e LB2343.32 .J678
|h Library of Congress classification
|
| 998 |
f |
f |
|a LB2343.32 .J678
|t 0
|l Available Online
|